Statistics for Country Factfile Puzzle Game #1

Click here to take the quiz!

General Stats

  • This quiz has been taken 114 times
    (91 since last reset)
  • The average score is 8 of 11

Answer Stats

Question Fact Answer % Correct
What is the smallest 'country' of the UK?RightNorthern Ireland
85%
What is the Official Language of São Tomé and Príncipe?332,698 km2Portuguese
84%
What is the most northern (in terms of latitude) Capital City?$214,750,000,000Reykjavík
81%
What mountain range divides Europe and Asia?8ºN to 24ºNUral
74%
Which ocean has disputable recognition as one of Earth's Oceans?58 (63)Southern Ocean
73%
What is the tallest mountain in the United States?3Denali
63%
Which country has the most Official Languages?*91,700,000Zimbabwe
37%
UNKNOWN COUNTRYVietnam
27%

Score Distribution

Percentile by Number Answered

Percent of People with Each Score

Your Score History

You have not taken this quiz since the last reset